000
00264nam a2200109Ia 4500
008
220204s9999 xx 000 0 und d
082
_a
659.2
_b
BRO
100
_a
Brown, Michael Barrot
245
0
_a
Information at work
260
_a
London
_b
Arrow
_c
1978
942
_c
BK
999
_c
32802
_d
32802